Impacto de la agresión en el campesinado nicaragüense

Պահպանված է:
Մատենագիտական մանրամասներ
Հիմնական հեղինակ: López, Francisco
Ձևաչափ: Տեքստ
Հրապարակվել է: Panamá :
Ցուցիչներ: Ավելացրեք ցուցիչ
Չկան պիտակներ, Եղեք առաջինը, ով նշում է այս գրառումը!

MARC

LEADER 00000 a a2200000 04500
001 21561
003
040
090 |a 095500  
100 |a López, Francisco  
245 |a Impacto de la agresión en el campesinado nicaragüense  
260 |a Panamá :  
300 |a 12 p.  
999 |c 5938  |d 5938